01157 2200241 4500001002100000005001500021035002000036007000300056008003900059020002200098082001100120084002000131100002000151245008100171300003100252650002100283520047300304264004400777336002100821337002300842338003800865990001200903INLIS00000000116682420260128114915 a0010-0126000686ta260128 | | |  a978-623-00-0719-4 a2X6.12 aSR 2X6.12 BAM m0 aBambang Udoyono1 aMembangun keluarga bahagia dengan iman, cinta, dan wacana /cBambang Udoyono e1 berkas komputer (9.6 MB) 4aKeluarga (Islam) aBuku ini saya tujukan untuk pasangan yang sudah memiliki anak remaja meskipun tidak menutup kemungkinan pasangan muda yang baru menikah untuk membaca buku ini. Mereka tentu saja sedang melakukan banyak sekali persiapan agar pernikahan meraka langgeng dan berhasil. Saya yakin mereka tengah merancang di bidang apa mereka akan berkarier, di mana mereka akan tinggal dan sebagainya. Sudah pasti mereka akan menetapkan sasaran-sasaran jangka pendek, menengah dan panjang. aJakarta :bElex Media Komputindo,c2021 2rdacontentaTeks 2rdamediaaKomputer 2rdacarrieraSumber sambung jaring a3050344